000 00581nam a22001817a 4500
005 20251108172551.0
008 250721s9999 xx 000 0 ara d
082 1 4 _a621.32عبي
100 1 _aعبيد، هاني
245 1 0 _aنظم الإنارة الإصطناعية تخطيط وتصميم /
264 1 _aعمان :
_bالمكتبة الوطنية الأردنية،
300 _a308 ص
650 1 7 _aأنظمة الإنارة
650 1 7 _aالإضاءة الكهربائية
650 1 7 _aالهندسة الكهربائية
942 _2ddc
_cBK
999 _c82710
_d82710